Carrières des footballeurs - Statistiques

Statistiques générales
  • Ce quiz a été pris 344 fois
  • Le résultat moyen est 10 sur 15
Statistiques - réponses
Position Nationalité Carrière Footballeur % Correct
Milieu offensif / Attaquant Argentine 1976–1981 Argentinos Juniors
1981–1982 Boca Juniors
1982–1984 FC Barcelone 1984–1991 SSC Naples 1992–1993 Séville FC
1993–1994 Newell's Old Boys
1995–1997 Boca Juniors
Diego Maradona
94%
Milieu de terrain Pays-Bas
2014-2015 Willem II
2015-2017 Jong Ajax
2015 → Willem II
2016-2019 Ajax Amsterdam
2019- FC Barcelone
Frenkie de Jong
90%
Milieu relayeur Croatie 2010–2013 Dinamo Zagreb
2013–2015 Inter Milan
2015–2019 Real Madrid
2018–2019 → Chelsea FC 2019–2023 Chelsea FC 2023– Manchester City
Mateo Kovačić
82%
Milieu de terrain Angleterre 1998-2015 Liverpool FC 2015-2016 LA Galaxy Steven Gerrard
79%
Attaquant Bosnie-Herzégovine 2003-2005 Željezničar Sarajevo 2005-2007 FK Teplice 2005 → FK Ústí 2007-2011 VfL Wolfsburg 2011-2016 Manchester City 2015-2016 → AS Rome 2016-2021 AS Rome 2021-2023 Inter Milan 2023- Fenerbahçe SK Edin Džeko
72%
Défenseur central Croatie 2019-2021 Dinamo Zagreb2021-2023 RB Leipzig 2023- Manchester City Joško Gvardiol
71%
Milieu offensif, ailier Turquie 2005-2011 Galatasaray SK 2005-2006 → Manisaspor 2011-2015 Atlético de Madrid 2015-2020 FC Barcelone 2018-2020 → Istanbul Başakşehir 2020-2022 Galatasaray SK Arda Turan
67%
Milieu de terrain Ghana 2000-2003 SC Bastia 2003-2005 Olympique lyonnais 2005-2014 Chelsea FC 2012-2013 → Real Madrid 2014-2015 AC Milan 2015-2016 Panathinaïkos 2017-2018 Persib Bandung 2019-2020 Sabail FK Michael Essien
61%
Milieu défensif Serbie 2005-2006 Kolubara Lazarevac 2007-2009 MFK Košice 2009-2011 Chelsea FC 2010-2011 → Vitesse Arnhem 2011-2014 Benfica Lisbonne 2014-2017 Chelsea FC 2017-2022 Manchester United 2022-2023 AS Rome 2023-2024 Stade rennais FC 2024- Olympique lyonnais Nemanja Matić
61%
Milieu de terrain Espagne 2008-2009 Deportivo Aragón 2009-2011 Real Saragosse 2011-2014 Athletic Club 2014-2019 Manchester United 2019-2023 Paris Saint-Germain 2022-2023 → Athletic Club 2023-2025 Athletic Club 2025- Boca Juniors Ander Herrera
60%
Gardien de but Angleterre 2004-2006 Shrewsbury Town2006-2018 Manchester City 2007 → Tranmere Rovers 2007 → Blackpool FC 2009-2010 → Birmingham City 2016-2017 → Torino FC 2017-2018 → West Ham United 2018-2020 Burnley FC 2020-2021 Tottenham Hotspur 2021-2024 Celtic FC Joe Hart
57%
Gardien de but Espagne 2014-2016 CD Baskonia 2016-2018 Bilbao Athletic 2018- Athletic Club Unai Simón
53%
Latéral gauche Portugal 2005-2007 Rio Ave FC 2007-2011 Benfica Lisbonne 2008 → CD Nacional 2008 → Real Saragosse 2009 → Rio Ave FC 2011-2018 Real Madrid 2015-2016 → AS Monaco 2017-2018 → Sporting CP 2018-2019 Rio Ave FC 2020-2021 Rio Ave FC Fábio Coentrão
50%
Défenseur central France 1999-2004 AJ Auxerre 2004-2011 AS Rome 2011-2016 AC Milan Philippe Mexès
49%
Avant-centre Brésil 2006-2007 SC Internacional 2007-2013 AC Milan 2013-2016 SC Corinthians 2014-2015 → São Paulo FC 2016 → Chelsea FC 2016-2017 Villarreal CF 2017-2019 Tianjin Quanjian 2019-2020 São Paulo FC 2021-2022 Orlando City 2023 São Paulo FC Alexandre Pato
41%
Aucun quiz correspondant
Distribution des résultats
% des personnes avec chaque résultat
Percentile par nombre de réponses
Votre historique - résultats
Vous n’avez pas pris ce quiz